|
|
|
|
| LEADER |
01222cam a2200265 i 4500 |
| 001 |
2205381 |
| 003 |
GR-PaULI |
| 005 |
20210117210830.0 |
| 008 |
190211s1974 enk g b 001 0 eng d |
| 952 |
|
|
|0 0
|1 0
|2 ddc
|4 0
|6 882_230000000000000_ΜΕΝ_WEB
|7 0
|9 229936
|a THST
|b THST
|d 2019-02-11
|i 014984
|l 13
|m 1
|o 882.23 ΜΕΝ WEB
|p 025000259880
|r 2025-03-04 11:42:27
|s 2025-02-19
|t 1
|v 2019.00
|w 2019-02-11
|y BK15
|
| 999 |
|
|
|c 139610
|d 139610
|
| 010 |
|
|
|a 74015181
|
| 020 |
|
|
|a 0064975045
|
| 020 |
|
|
|a 0719005906
|
| 040 |
|
|
|a DLC
|c DLC
|d DLC
|d GR-PaULI
|b gre
|e AACR2
|
| 082 |
0 |
0 |
|a 882.23
|2 23
|
| 100 |
1 |
|
|a Webster, T. B. L.
|q (Thomas Bertram Lonsdale),
|d 1905-1974.
|e συγγραφέας
|
| 245 |
1 |
3 |
|a An introduction to Menander /
|c T. B. L. Webster.
|
| 260 |
|
|
|a Manchester :
|b Manchester University Press ;
|a New York :
|b Barnes & Noble,
|c c1974.
|
| 300 |
|
|
|a viii, 211 σ. ;
|c 23 εκ.
|
| 504 |
|
|
|a Περιλαμβάνει βιβλιογραφία και ευρετήριο.
|
| 600 |
0 |
4 |
|a Μένανδρος ο Αθηναίος,
|x Ερμηνεία και κριτική
|9 161979
|d 342-291
|
| 650 |
|
4 |
|a Ελληνικό δράμα (Κωμωδία)
|x Ιστορία και κριτική
|9 543
|
| 942 |
|
|
|2 ddc
|c BK15
|
| 998 |
|
|
|c ΜΑΝΙΑ
|d 2019-02
|